000 01209cam a22003497a 4500
001 15797039
003 ARRUPE
005 20151112110334.0
008 090529s2009 fr b 001 0 fre d
010 _a 2009492064
020 _a9782811102173
020 _a2811102175
035 _a(OCoLC)ocn370360764
040 _aTZT
_cTZT
_dINU
_dDLC
042 _alccopycat
043 _af-cm---
050 0 0 _aB5375
_b.F33 2009
245 0 0 _aFabien Eboussi Boulaga, la philosophie du Muntu /
_csous la direction de Ambroise Kom.
260 _aParis :
_bKarthala,
_cc2009.
300 _a310 p. ;
_c24 cm.
504 _a"Bibliographie de Fabien Eboussi Boulaga": p. 21-24.
504 _aIncludes bibliographical references and index.
600 1 0 _aEboussi Boulaga, F.
_q(Fabien)
_921042
650 0 _aPhilosophy, African
_921043
651 0 _aCameroon
_xIntellectual life.
_921044
653 _aAfrican Philosophy.
700 1 _aKom, Ambroise,
_d1946-
_921045
906 _a7
_bcbc
_ccopycat
_d3
_encip
_f20
_gy-gencatlg
942 _2lcc
_cMONOGRAPH
999 _c123773
_d123773